|
|
|
|
| LEADER |
00000naa0a2200000 4500 |
| 001 |
636595 |
| 005 |
20250919164455.0 |
| 035 |
|
|
|a (RuTPU)RU\TPU\network\625
|
| 090 |
|
|
|a 636595
|
| 100 |
|
|
|a 20140217d2013 k||y0rusy50 ca
|
| 101 |
0 |
|
|a rus
|
| 102 |
|
|
|a RU
|
| 135 |
|
|
|a drnn ---uucaa
|
| 181 |
|
0 |
|a i
|
| 182 |
|
0 |
|a b
|
| 200 |
1 |
|
|a Методические особенности формирования общекультурных и профессиональных компетенций в преподавании русского языка и культуры речи в техническом вузе
|f А. Г. Щитов
|
| 203 |
|
|
|a Текст
|c электронный
|
| 300 |
|
|
|a Заглавие с экрана
|
| 320 |
|
|
|a [Библиогр.: с. 93-94 (23 назв.)]
|
| 463 |
|
1 |
|t Молодая филология Сибири - 2012
|o сборник научных статей
|v [С. 85-94]
|d 2013
|
| 610 |
1 |
|
|a электронный ресурс
|
| 610 |
1 |
|
|a труды учёных ТПУ
|
| 610 |
1 |
|
|a общекультурные компетенции
|
| 610 |
1 |
|
|a профессиональные компетенции
|
| 610 |
1 |
|
|a русский язык
|
| 610 |
1 |
|
|a преподавание
|
| 610 |
1 |
|
|a культура речи
|
| 610 |
1 |
|
|a технические вузы
|
| 700 |
|
1 |
|a Щитов
|b А. Г.
|c лингвист
|c доцент Томского политехнического университета, кандидат педагогических наук
|f 1955-
|g Александр Григорьевич
|3 (RuTPU)RU\TPU\pers\31081
|
| 712 |
0 |
2 |
|a Национальный исследовательский Томский политехнический университет
|c (2009- )
|9 26305
|
| 801 |
|
2 |
|a RU
|b 63413507
|c 20161229
|g RCR
|
| 850 |
|
|
|a 63413507
|
| 856 |
4 |
|
|u http://www.kuzspa.ru/images/kafedry/filologiya-sibiri-2012.pdf#page=86
|
| 942 |
|
|
|c CF
|